Selected Speeches M. Venkalah Naidu Vice President of India (Record no. 65388)
[ view plain ]
| 000 -LEADER | |
|---|---|
| fixed length control field | 00301nam a22001097a 4500 |
| 082 ## - DEWEY DECIMAL CLASSIFICATION NUMBER | |
| Classification number | 320 |
| 100 ## - MAIN ENTRY--AUTHOR NAME | |
| Personal name | Naidu,M.Venkaiah |
| 245 ## - TITLE STATEMENT | |
| Title | Selected Speeches M. Venkalah Naidu Vice President of India |
| 260 ## - PUBLICATION, DISTRIBUTION, ETC. (IMPRINT) | |
| Place of publication | New Delhi |
| Name of publisher | Pulication Division |
| Year of publication | 2018 |
| 650 ## - SUBJECT ADDED ENTRY--TOPICAL TERM | |
| Topical Term | Political Science |
| 942 ## - ADDED ENTRY ELEMENTS (KOHA) | |
| Koha item type | Books |
| Withdrawn status | Lost status | Damaged status | Not for loan | Home library | Current library | Date acquired | Cost, normal purchase price | Full call number | Accession Number | Price effective from | Koha item type |
|---|---|---|---|---|---|---|---|---|---|---|---|
| MACL | MACL | 12/10/2022 | 780.00 | 320 | CRE040127 | 12/10/2022 | Books |









